Effects of pre-emergence herbicides on leguminous covers and weeds (Record no. 58366)

MARC details
000 -LEADER
fixed length control field 00371nam a2200145Ia 4500
100 ## - MAIN ENTRY--AUTHOR NAME
Personal name Sin L
245 #0 - TITLE STATEMENT
Title Effects of pre-emergence herbicides on leguminous covers and weeds
260 ## - PUBLICATION, DISTRIBUTION, ETC. (IMPRINT)
Name of publisher Planters Bulletin
Year of publication 1979
300 ## - PHYSICAL DESCRIPTION
Number of Pages 65-70
650 ## - SUBJECT ADDED ENTRY--TOPICAL TERM
Topical Term Cover crops
650 ## - SUBJECT ADDED ENTRY--TOPICAL TERM
Topical Term Herbicides
650 ## - SUBJECT ADDED ENTRY--TOPICAL TERM
Topical Term Weeds
942 ## - ADDED ENTRY ELEMENTS (KOHA)
Koha item type Journals
Holdings
Withdrawn status Lost status Damaged status Not for loan Home library Current library Shelving location Date acquired Serial Enumeration / chronology Koha item type
      Journals RRII Library RRII Library Soils and agonomy 17/12/2021 Volume 159, Issue Journals